000 00410nam a22001697a 4500
003 OSt
005 20260202123539.0
007 1005 pages
008 260202b |||||||| |||| 00| 0 eng d
020 _a9789390177479
040 _c
082 _25
_a621.815
_bBHA
245 _aDesign of Machine elements
_cBhandari,V.B
250 _a5
260 _bMcgraw Hill
_c2021
942 _2ddc
_cBK
_e5
_k621.815
_mBHA
_n0
999 _c36312
_d36312